Využitie sociálnych sietí v marketingu firiem
Podstata marketingu na sociálnych sieťach. Sociálne siete uprednostňované na území Slovenska. Vznik Pokec.sk. Využívanie konkrétnych typov sociálnych sietí na území SR. Marketingový prieskum slovenských facebookových stránok.
Na minha lista:
| Autor principal: | |
|---|---|
| Outros Autores: | |
| Formato: | Capítulo de Livro |
| Idioma: | eslovaco |
| Assuntos: | |
| Tags: |
Sem tags, seja o primeiro a adicionar uma tag!
|
MARC
| LEADER | 00000naa a2200000 4500 | ||
|---|---|---|---|
| 001 | 0205738 | ||
| 005 | 20240502073426.5 | ||
| 041 | 0 | |a slo | |
| 044 | |a SK | ||
| 245 | 1 | 0 | |a Využitie sociálnych sietí v marketingu firiem |c Zuzana Lukačovičová, Diana Vargová |
| 520 | |a Podstata marketingu na sociálnych sieťach. Sociálne siete uprednostňované na území Slovenska. Vznik Pokec.sk. Využívanie konkrétnych typov sociálnych sietí na území SR. Marketingový prieskum slovenských facebookových stránok. | ||
| 610 | 2 | 0 | |a výskum marketingový |
| 610 | 2 | 0 | |a siete sociálne |
| 610 | 2 | 0 | |a spotrebitelia |
| 610 | 2 | 0 | |a Slovensko |
| 610 | 2 | 0 | |a stratégia marketingová |
| 100 | 1 | |a Lukačovičová, Zuzana | |
| 700 | 1 | |a Vargová, Diana | |